<?xml version="1.0" encoding="UTF-8"?><?xml-stylesheet type="text/xsl" href="static/style.xsl"?><OAI-PMH xmlns="http://www.openarchives.org/OAI/2.0/" xmlns:xsi="http://www.w3.org/2001/XMLSchema-instance" xsi:schemaLocation="http://www.openarchives.org/OAI/2.0/ http://www.openarchives.org/OAI/2.0/OAI-PMH.xsd"><responseDate>2026-06-01T09:09:09Z</responseDate><request verb="GetRecord" identifier="oai:riuma.uma.es:10630/32435" metadataPrefix="marc">https://riuma.uma.es/rest/oai/request</request><GetRecord><record><header><identifier>oai:riuma.uma.es:10630/32435</identifier><datestamp>2026-02-03T11:53:04Z</datestamp><setSpec>com_10630_2254</setSpec><setSpec>col_10630_37959</setSpec></header><metadata><record xmlns="http://www.loc.gov/MARC21/slim" xmlns:dcterms="http://purl.org/dc/terms/" xmlns:doc="http://www.lyncode.com/xoai" xmlns:xsi="http://www.w3.org/2001/XMLSchema-instance" xsi:schemaLocation="http://www.loc.gov/MARC21/slim http://www.loc.gov/standards/marcxml/schema/MARC21slim.xsd">
   <leader>00925njm 22002777a 4500</leader>
   <datafield ind2=" " ind1=" " tag="042">
      <subfield code="a">dc</subfield>
   </datafield>
   <datafield ind2=" " ind1=" " tag="720">
      <subfield code="a">Giménez-Gualdo, Ana María</subfield>
      <subfield code="e">author</subfield>
   </datafield>
   <datafield ind2=" " ind1=" " tag="720">
      <subfield code="a">Arnaiz Sánchez, Pilar</subfield>
      <subfield code="e">author</subfield>
   </datafield>
   <datafield ind2=" " ind1=" " tag="260">
      <subfield code="c">2013</subfield>
   </datafield>
   <datafield ind2=" " ind1=" " tag="520">
      <subfield code="a">La violencia entre iguales ha sobrepasado los límites de la escuela para producirse en cualquier momento y lugar gracias al uso de las tecnologías. En este fenómeno, conocido como cyberbullying, se ven implicados todos los escolares tanto si presentan o no necesidades de apoyo educativo. Este estudio muestra la prevalencia de ciberacoso en 2010 y 2012 en una muestra de 2580 alumnos entre los 11 y 21 años y los dispositivos utilizados por los mismos para acosar a sus iguales. Los resultados anticipan una reducción en el porcentaje de implicados en cyberbullying a lo largo del tiempo confirmando una mayor participación de chicos como agresores y chicas en el papel de víctimas. Además, se evidencian diferencias significativas entre las cybervictimas que participan en programas de apoyo educativo y las que no. Por su parte, el ordenador y sus múltiples utilidades son los preferidos para acosar con un mayor uso en 2010 del correo electrónico y el Messenger frente a las redes sociales presentes en la agresión y la victimización en el estudio de 2012. Las consecuencias derivadas de estas dinámicas de acoso online son incluso más devastadoras que las propias del bullying tradicional, resaltando la urgente necesidad de implementar acciones educativas dentro y fuera de las aulas incluyendo a la familia y al grupo de iguales.</subfield>
   </datafield>
   <datafield ind1="8" ind2=" " tag="024">
      <subfield code="a">https://hdl.handle.net/10630/32435</subfield>
   </datafield>
   <datafield tag="653" ind2=" " ind1=" ">
      <subfield code="a">Ciberacoso</subfield>
   </datafield>
   <datafield tag="653" ind2=" " ind1=" ">
      <subfield code="a">Acoso moral en la escuela</subfield>
   </datafield>
   <datafield tag="653" ind2=" " ind1=" ">
      <subfield code="a">Educación inclusiva</subfield>
   </datafield>
   <datafield tag="653" ind2=" " ind1=" ">
      <subfield code="a">Tecnología educativa</subfield>
   </datafield>
   <datafield tag="653" ind2=" " ind1=" ">
      <subfield code="a">Investigación activa en educación</subfield>
   </datafield>
   <datafield ind2="0" ind1="0" tag="245">
      <subfield code="a">Cyberbullying y necesidades de apoyo educativo.</subfield>
   </datafield>
</record>
</metadata></record></GetRecord></OAI-PMH>